Dos ratones, una rata y un queso.

Gespeichert in:
Bibliographische Detailangaben
1. Verfasser: Rueda, Claudia (autor)
Format: Buch
Sprache:Spanisch
Schriftenreihe:(Libros del Rincón).
Schlagworte:
Tags: Tag hinzufügen
Keine Tags, Fügen Sie das erste Tag hinzu!

MARC

LEADER 00000nam^a2200000^u^4500
001 000510958
005 20250521000000.0
008 100208s1000^^^^^^^^^^^^r^^^^^000^0^spa^d
009 20260310130137.796
022 |a 9789680109326 
035 |a FCE 000055168 
037 |a Acervo ITESO - Biblioteca 
041 |a spa 
082 0 4 |a 863  |b RUEd 
100 |a Rueda, Claudia  |e (autor) 
245 1 0 |a Dos ratones, una rata y un queso. 
264 |a México :  |b Oceano,  |c 2007. 
300 |a 40 p. : il. 
336 |a texto  |b txt  |2 rdacontenido 
337 |a sin mediación  |b n  |2 rdamedio 
338 |a volumen  |b nc  |2 rdasoporte 
440 0 |a (Libros del Rincón). 
649 |a XX 
650 |a Literatura infantil 
650 |a Cuento 
650 |a Literatura Colombiana 
910 |a Fondo Centro de Estudios Educativos 
920 |a Impresos - Libros 
930 |a Fondos Especiales 
905 |a 133 
901 |a ALE068199  |b IT2  |c CEE  |u 20250521 
902 |a https://opac.biblio.iteso.mx/vufind/Record/000510958